Yakshi (Record no. 116363)

MARC details
000 -LEADER
fixed length control field 00417nam a2200133Ia 4500
008 - FIXED-LENGTH DATA ELEMENTS--GENERAL INFORMATION
fixed length control field 211119s9999||||xx |||||||||||||| ||und||
082 ## - DEWEY DECIMAL CLASSIFICATION NUMBER
Classification number 894.8123
Item number MAL-Y
100 ## - MAIN ENTRY--PERSONAL NAME
Personal name Malayattoor Ramakrishnan,
245 #0 - TITLE STATEMENT
Title Yakshi
260 ## - PUBLICATION, DISTRIBUTION, ETC.
Name of publisher, distributor, etc. Sahityapravarthaka Sangom
Place of publication, distribution, etc. 1900
Date of publication, distribution, etc. Kottayam
300 ## - PHYSICAL DESCRIPTION
Extent 158p
650 ## - SUBJECT ADDED ENTRY--TOPICAL TERM
Topical term or geographic name entry element Malayalam Literature
942 ## - ADDED ENTRY ELEMENTS (KOHA)
Koha item type BOOK
650 ## - SUBJECT ADDED ENTRY--TOPICAL TERM
Form subdivision Malayalam FictionMalayalam NovelsShort StoriesGeneralia
General subdivision General stack
Holdings
Withdrawn status Lost status Source of classification or shelving scheme Damaged status Not for loan Home library Current library Date acquired Cost, normal purchase price Total Checkouts Full call number Barcode Shelving location Date last seen Date last checked out Price effective from Koha item type
    Dewey Decimal Classification     SB LIBRARY SB LIBRARY 19/11/2021 100.00 13 894.8123 MAL-Y 00129835 GENERAL STACK 06/02/2026 22/01/2026 19/11/2021 BOOK

Powered by Koha